000 00537nam a2200169 i 4500
001 50740
003 ES-MaACL
005 20230906162230.0
007 t|
008 030806s1965 sp ||||1| spa d
100 1 _aChalendar, Xavier de.
_937815
245 1 4 _aLos sacerdotes /
_cXavier de Chalendar ; versión española de Victorio Peral Domínguez.
260 _aMadrid :
_bPropaganda Popular Católica,
_c[1965]
300 _a238 p. ;
_c20 cm.
700 1 _aPeral Domínguez, Victorio.
_990355
852 _aES-MaACL
_jC-28530
_bR.57654
999 _c50740
_d50740